000 00440nam a2200157 i 4500
001 35969
003 ES-MaACL
005 20230906155248.0
007 t|
008 030214s1933 fr ||||1| fre d
100 1 _aBourdet, Edouard.
_930959
245 1 3 _aLa fleur des pois
_b: piece en 4 actes /
_cEdouard Bourdet.
260 _aParĂ­s :
_b[E. Grevin,
_c1933] (
_fImp. de Lagny)
300 _a254 p. ;
_c19 cm.
852 _aES-MaACL
_jA-3336
999 _c35969
_d35969